[Event "14eme open"]
[Site "Louviers"]
[Round "1"]
[Date "2011.06.11"]
[White "Varigault, Nicole"]
[Black "Broustet, Pierre"]
[Result "0-1"]
[WhiteElo "1240"]
[BlackElo "1790"]
[PlyCount "78"]

1. e4 c5 2. Bc4 e6 3. Nf3 Nc6 4. O-O a6 5. a3 b5 6. Ba2 Bb7 7. d3 Qc7 8. g3 Nf6
9. Bf4 d6 10. Nbd2 Be7 11. c3 O-O 12. b4 e5 13. Bg5 Rfd8 14. Bh4 h6 15. h3 d5
16. Bxf6 Bxf6 17. bxc5 Ne7 18. d4 dxe4 19. Nxe4 Bxe4 20. Qe2 Bxf3 21. Qxf3 exd4
22. cxd4 Qc6 23. Qg2 Bxd4 24. Rad1 Qxg2+ 25. Kxg2 Bxc5 26. Rde1 Rd2 27. Bb3
Bxa3 28. Rxe7 Bxe7 29. Re1 Kf8 30. Re3 Rxf2+ 31. Kxf2 Bc5 32. Kf3 Bxe3 33. Kxe3
Rd8 34. Kf4 a5 35. h4 a4 36. Bc2 Rd2 37. Be4 Rd4 38. Ke3 Rxe4+ 39. Kxe4 a3 0-1

[Event "14eme open"]
[Site "Louviers"]
[Round "1"]
[Date "2011.06.11"]
[White "Andrieu, Philippe"]
[Black "Gagneux, Michel"]
[Result "1-0"]
[WhiteElo "1922"]
[BlackElo "1620"]
[PlyCount "46"]

1. d4 d5 2. Nc3 Bf5 3. g3 c6 4. Bg2 Nf6 5. Nf3 Nbd7 6. O-O Ne4 7. Nh4 e6 8.
Nxe4 dxe4 9. c3 Be7 10. Nxf5 exf5 11. f3 Nf6 12. fxe4 fxe4 13. Qc2 O-O 14. Bxe4
Nxe4 15. Qxe4 Qc7 16. Qg4 Rae8 17. Bh6 g6 18. Bxf8 Bxf8 19. Rf2 c5 20. Raf1
cxd4 21. Rxf7 Qxf7 22. Rxf7 Kxf7 23. cxd4 Bd6 1-0

[Event "14eme open"]
[Site "Louviers"]
[Round "1"]
[Date "2011.06.11"]
[White "Bonte, Gerard"]
[Black "Richet, Clement"]
[Result "0-1"]
[WhiteElo "1550"]
[BlackElo "1907"]
[PlyCount "66"]

1. c4 e6 2. d4 Nf6 3. Nf3 c5 4. Nc3 cxd4 5. Nxd4 Nc6 6. Nb3 Be7 7. e3 O-O 8.
Be2 a5 9. a3 e5 10. Nd2 d6 11. O-O Be6 12. b3 d5 13. cxd5 Nxd5 14. Bb2 f5 15.
Rc1 Qe8 16. Bc4 Rd8 17. Qe2 Qg6 18. f3 b6 19. Nxd5 Bxd5 20. Bxd5+ Rxd5 21. e4
Bc5+ 22. Kh1 Rd7 23. exf5 Qxf5 24. Ne4 Nd4 25. Qc4+ Kh8 26. Nxc5 bxc5 27. b4
axb4 28. axb4 cxb4 29. Rfe1 Rfd8 30. Kg1 Qg5 31. Red1 Nxf3+ 32. Kf2 Rxd1 33.
Rxd1 Rxd1 0-1

[Event "14eme open"]
[Site "Louviers"]
[Round "1"]
[Date "2011.06.11"]
[White "Victor, Daniel"]
[Black "Houriez, Philippe"]
[Result "0-1"]
[WhiteElo "1930"]
[BlackElo "1660"]
[PlyCount "23"]

1. d4 d5 2. c4 e6 3. Nf3 Nf6 4. g3 b6 5. Bg2 Bb7 6. O-O Be7 7. Nc3 O-O 8. b3
Nbd7 9. Bb2 Rc8 10. Rc1 c5 11. cxd5 cxd4 12. Nxd4 0-1

[Event "14eme open"]
[Site "Louviers"]
[Round "1"]
[Date "2011.06.11"]
[White "Rousselin, Marc"]
[Black "Vigneron, Frederic"]
[Result "1/2"]
[WhiteElo "1625"]
[BlackElo "1929"]
[PlyCount "84"]

1. e4 d6 2. d4 Nf6 3. Nc3 c6 4. f4 Qa5 5. Bd3 e5 6. Nf3 Bg4 7. fxe5 dxe5 8.
dxe5 Bxf3 9. Qxf3 Qxe5 10. Bf4 Qh5 11. O-O-O Bb4 12. Qg3 O-O 13. Be5 Nbd7 14.
Bd6 Bxd6 15. Qxd6 Qe5 16. Qxe5 Nxe5 17. Be2 Rad8 18. h3 Rfe8 19. Rxd8 Rxd8 20.
Rd1 Rxd1+ 21. Kxd1 b5 22. b4 Kf8 23. Kd2 Ke7 24. Ke3 Kd6 25. Kd4 Ne8 26. Bxb5
cxb5 27. Nxb5+ Ke6 28. Nxa7 Nd7 29. a4 Nd6 30. a5 f5 31. exf5+ Nxf5+ 32. Kd3
Ne5+ 33. Ke4 Ng3+ 34. Kf4 Ne2+ 35. Ke4 Nc3+ 36. Kd4 Nd5 37. b5 Kd6 38. Nc8+ Ke6
39. a6 Nc7 40. c4 Nf7 41. Nb6 Nd6 42. a7 Ndxb5+ 1/2-1/2

[Event "14eme open"]
[Site "Louviers"]
[Round "1"]
[Date "2011.06.11"]
[White "Fischer, Jean-Claude"]
[Black "Roche, Jean-Francois"]
[Result "1-0"]
[WhiteElo "1909"]
[BlackElo "1564"]
[PlyCount "123"]

1. e4 Nf6 2. Nc3 d5 3. exd5 Nxd5 4. Nxd5 Qxd5 5. Nf3 Bg4 6. Be2 Nc6 7. O-O
O-O-O 8. d3 e5 9. h3 Bh5 10. Re1 f6 11. Be3 Bc5 12. Nd2 Bxe2 13. Qxe2 Bxe3 14.
fxe3 f5 15. Nb3 h5 16. e4 fxe4 17. Qxe4 Qxe4 18. Rxe4 Rhe8 19. Rae1 Rd7 20. a3
b6 21. d4 Rde7 22. d5 Nd8 23. Nd4 g6 24. c4 Kb7 25. Nb5 Nf7 26. Nd4 Nd8 27. Nf3
Nf7 28. h4 Kc8 29. b4 Kd7 30. c5 bxc5 31. bxc5 c6 32. d6 Re6 33. Ra4 Ra8 34.
Rb1 Nd8 35. Ng5 Rf6 36. Re4 Rf5 37. Rbe1 Nb7 38. Rxe5 Nxc5 39. Rxf5 gxf5 40.
Re5 Kxd6 41. Rxf5 Re8 42. Nf7+ Ke6 43. Rxc5 Kxf7 44. Rxc6 Re1+ 45. Kf2 Re4 46.
Rc7+ Ke6 47. Rxa7 Rxh4 48. a4 Rb4 49. a5 Ra4 50. Ra8 Kd7 51. a6 Kc7 52. Kg3 Kb6
53. Kh3 Rxa6 54. Rxa6+ Kxa6 55. Kh4 Kb6 56. Kxh5 Kc6 57. Kg6 Kd7 58. Kf7 Kd6
59. Kf6 Kd7 60. g4 Ke8 61. Kg7 Ke7 62. g5 1-0

[Event "14eme open"]
[Site "Louviers"]
[Round "1"]
[Date "2011.06.11"]
[White "Boursier, Xavier"]
[Black "Arinal, Serge"]
[Result "1-0"]
[WhiteElo "2004"]
[BlackElo "1700"]
[PlyCount "107"]

1. e4 e6 2. d3 d5 3. Nd2 Nf6 4. Ngf3 c5 5. g3 b6 6. Bg2 Nc6 7. O-O Bb7 8. Re1
Be7 9. e5 Nd7 10. c3 d4 11. cxd4 Nxd4 12. Nxd4 Bxg2 13. Nxe6 fxe6 14. Kxg2 O-O
15. Qb3 Re8 16. Qxe6+ Kh8 17. Qd5 Qc8 18. f4 Nf8 19. Nf3 Rd8 20. Qf7 Qb7 21. f5
Rd7 22. Qb3 Rad8 23. Rd1 Qc6 24. Bf4 Rd4 25. Kf2 Rb4 26. Qc3 Qb5 27. b3 Nd7 28.
Bg5 Bxg5 29. Nxg5 Kg8 30. Kg1 h6 31. Ne4 Rd4 32. Nd6 Qc6 33. Nc4 Qd5 34. e6 Ne5
35. Nxe5 Qxe5 36. Rf1 Qe3+ 37. Kg2 Rxd3 38. Qe1 Rd2+ 39. Kh3 Qg5 40. Rf2 Qh5+
41. Kg2 Rd1 42. Rxd1 Rxd1 43. Qe2 Qxe2 44. Rxe2 Kf8 45. Kf3 Rd4 46. Ke3 Ke7 47.
Rd2 Rd6 48. Rxd6 Kxd6 49. g4 b5 50. h4 a5 51. a4 c4 52. axb5 cxb3 53. Kd3 a4
54. Kc3 1-0

[Event "14eme open"]
[Site "Louviers"]
[Round "1"]
[Date "2011.06.11"]
[White "Debray, Christopher"]
[Black "Dunand, Damien"]
[Result "1-0"]
[WhiteElo "2376"]
[BlackElo "1740"]
[PlyCount "35"]

1. e4 Nf6 2. Nc3 d5 3. e5 Ne4 4. Nxe4 dxe4 5. d4 exd3 6. Bxd3 g6 7. Nf3 Bg7 8.
Bf4 c5 9. Qe2 Nc6 10. O-O-O Qc7 11. Qe3 Bg4 12. e6 Qb6 13. exf7+ Kxf7 14. Bc4+
e6 15. Rd7+ Ne7 16. Be5 Rhg8 17. Bxg7 Bxf3 18. Qe5 1-0

[Event "14eme open"]
[Site "Louviers"]
[Round "1"]
[Date "2011.06.11"]
[White "Vappereau, Xavier"]
[Black "Daurelle, Herve"]
[Result "0-1"]
[WhiteElo "1710"]
[BlackElo "2273"]
[PlyCount "26"]

1. e4 c5 2. Nf3 d6 3. d4 cxd4 4. Nxd4 Nf6 5. Nc3 Bd7 6. Be2 g6 7. Be3 Bg7 8. f3
Nc6 9. Qd2 O-O 10. O-O-O Rc8 11. h4 h5 12. Bc4 $2 Nxd4 13. Bxf7+ Rxf7 0-1

[Event "14eme open"]
[Site "Louviers"]
[Round "1"]
[Date "2011.06.11"]
[White "Petitjeans, Simon"]
[Black "Baron, Romuald"]
[Result "1-0"]
[WhiteElo "1680"]
[BlackElo "1974"]
[PlyCount "44"]

1. e4 c5 2. c3 d5 3. exd5 Qxd5 4. d4 cxd4 5. cxd4 Nc6 6. Nf3 Bg4 7. Be2 Nf6 8.
Nc3 Qa5 9. O-O O-O-O 10. Qc2 Bxf3 11. Bxf3 Nxd4 12. Qd1 g5 13. Be3 Nf5 14. Qb3
Nd6 15. Rac1 Kb8 16. Rfd1 g4 17. Rxd6 gxf3 18. Rxd8+ Qxd8 19. Nb5 b6 20. Bf4+
Ka8 21. Rc7 e5 22. Rxa7+ Kb8 1-0

[Event "14eme open"]
[Site "Louviers"]
[Round "1"]
[Date "2011.06.11"]
[White "Vieren-Hamelet, Richard"]
[Black "Hatton, Christian"]
[Result "0-1"]
[WhiteElo "1499"]
[BlackElo "1875"]
[PlyCount "26"]

1. e4 e6 2. d4 d5 3. e5 c5 4. c3 Qb6 5. Bd3 Nc6 6. Nf3 Bd7 7. O-O cxd4 8. cxd4
Nxd4 9. Nxd4 Qxd4 10. Be3 Qxe5 11. Nc3 Nf6 12. Rc1 Bd6 13. Bb5 Qxh2# 0-1

[Event "14eme open"]
[Site "Louviers"]
[Round "2"]
[Date "2011.06.11"]
[White "Roche, Jean-Francois"]
[Black "Vappereau, Xavier"]
[Result "0-1"]
[WhiteElo "1564"]
[BlackElo "1710"]
[PlyCount "58"]

1. b3 e5 2. Bb2 d6 3. e3 Be6 4. c4 Nf6 5. Nf3 g6 6. Nc3 Bg7 7. Be2 O-O 8. O-O
Nc6 9. d4 exd4 10. exd4 d5 11. cxd5 Nxd5 12. Ne4 Nf4 13. Bb5 Bd5 14. Bxc6 Bxc6
15. Ng3 Ne6 16. Ne5 Bd5 17. f4 Qh4 18. Ne2 Bxe5 19. dxe5 Rad8 20. Qe1 Qxe1 21.
Raxe1 b6 22. Ng3 Bb7 23. Rf2 Nc5 24. Rc2 Nd3 25. Rb1 Nxf4 26. Rxc7 Bxg2 27. Rc4
g5 28. Nf5 Rd2 29. e6 Nh3# 0-1

[Event "14eme open"]
[Site "Louviers"]
[Round "2"]
[Date "2011.06.11"]
[White "Arinal, Serge"]
[Black "Vieren-Hamelet, Richard"]
[Result "1-0"]
[WhiteElo "1700"]
[BlackElo "1499"]
[PlyCount "75"]

1. Nf3 d5 2. c4 Nf6 3. g3 c5 4. cxd5 Nxd5 5. Bg2 Nc6 6. O-O e5 7. d3 f6 8. Nc3
a6 9. Qc2 Be7 10. a3 O-O 11. Nd2 Be6 12. Nce4 Bf5 13. Nb3 b6 14. Ned2 Nd4 15.
Nxd4 cxd4 16. Qb3 Be6 17. Qd1 b5 18. Nf3 Rc8 19. Bd2 Rc6 20. Rc1 Bd7 21. Nxd4
Rxc1 22. Bxd5+ Be6 23. Bxe6+ Kh8 24. Qxc1 Qxd4 25. Be3 Qd6 26. Bf5 g6 27. Be4
f5 28. Bf3 e4 29. dxe4 a5 30. exf5 Rxf5 31. Rd1 Qf6 32. Bd4 Re5 33. Bxe5 Qxe5
34. Qc8+ Kg7 35. Qd7 Qf6 36. Qxb5 Bd8 37. Qd7+ Kh6 38. Qxd8 1-0

[Event "14eme open"]
[Site "Louviers"]
[Round "2"]
[Date "2011.06.11"]
[White "Daurelle, Herve"]
[Black "Guillaumat, Jean-Pierre"]
[Result "1-0"]
[WhiteElo "2273"]
[BlackElo "1887"]
[PlyCount "31"]

1. e4 c5 2. Nf3 e6 3. d4 cxd4 4. Nxd4 a6 5. Bd3 Nc6 6. Nxc6 bxc6 7. c4 d5 8.
O-O g6 9. exd5 cxd5 10. cxd5 Bg7 11. dxe6 Bxe6 12. Nc3 Ne7 13. Qa4+ Qd7 14. Bb5
axb5 15. Qxa8+ Nc8 16. Rd1 1-0

[Event "14eme open"]
[Site "Louviers"]
[Round "2"]
[Date "2011.06.11"]
[White "Dunand, Damien"]
[Black "Bonte, Gerard"]
[Result "1/2"]
[WhiteElo "1740"]
[BlackElo "1550"]
[PlyCount "94"]

1. c4 c5 2. g3 g6 3. Bg2 Bg7 4. e3 Nf6 5. Ne2 e6 6. O-O O-O 7. Nbc3 Nc6 8. d4
cxd4 9. exd4 d5 10. cxd5 exd5 11. Nf4 Be6 12. Be3 Ne7 13. Qb3 b6 14. Rad1 Rc8
15. Rfe1 Qd7 16. Nxe6 fxe6 17. Bg5 h6 18. Bxf6 Rxf6 19. Rd2 Rc4 20. Qb5 Nc6 21.
a3 Qc8 22. Ne2 Rf7 23. Bh3 Re7 24. b3 Nxd4 25. Nxd4 Rxd4 26. Rxd4 Bxd4 27. Qb4
Bc5 28. Qg4 Kg7 29. b4 Bd6 30. Rxe6 Rxe6 31. Qxe6 Qxe6 32. Bxe6 d4 33. Kf1 Kf6
34. Bc8 g5 35. Ke2 Ke5 36. f3 Kd5 37. Kd3 a5 38. bxa5 bxa5 39. a4 Bb4 40. Bh3
Ke5 41. Bg2 Bc3 42. h4 gxh4 43. f4+ Kf6 44. g4 Ba1 45. Ke2 Bc3 46. Be4 Bb4 47.
Kf2 Bd2 1/2-1/2

[Event "14eme open"]
[Site "Louviers"]
[Round "2"]
[Date "2011.06.11"]
[White "Gagneux, Michel"]
[Black "Varigault, Nicole"]
[Result "1-0"]
[WhiteElo "1620"]
[BlackElo "1240"]
[PlyCount "85"]

1. Nf3 Nf6 2. d4 e6 3. Bf4 h6 4. Nbd2 d5 5. e3 Bd6 6. Ne5 Bxe5 7. dxe5 Nh5 8.
Qxh5 g5 9. Bg3 Qe7 10. c3 Bd7 11. Bd3 Nc6 12. Nf3 O-O-O 13. Nd4 Nxd4 14. exd4
Kb8 15. h4 Rdg8 16. Qf3 g4 17. Qf6 Re8 18. h5 a6 19. Bh4 b5 20. Qxe7 Rxe7 21.
Bxe7 Rg8 22. Bf6 g3 23. f3 Kb7 24. Bh7 Rc8 25. Rh3 c5 26. dxc5 Rxc5 27. Rxg3
Kb6 28. Bg8 Be8 29. Rg7 Rc4 30. Bxf7 Bxf7 31. Rxf7 b4 32. Bd8+ Kb5 33. Rb7+ Kc6
34. Rc7+ Kb5 35. Rxc4 Kxc4 36. Rc1 d4 37. cxd4+ Kxd4 38. Bc7 a5 39. Bxa5 Kxe5
40. Bxb4 Kf5 41. g4+ Kf4 42. Kf2 e5 43. Rc4+ 1-0

[Event "14eme open"]
[Site "Louviers"]
[Round "2"]
[Date "2011.06.11"]
[White "Vigneron, Frederic"]
[Black "Victor, Daniel"]
[Result "1/2"]
[WhiteElo "1929"]
[BlackElo "1930"]
[PlyCount "42"]

1. d4 d5 2. c4 e6 3. g3 Nf6 4. Nc3 Be7 5. Bg2 O-O 6. Nf3 b6 7. Ne5 Bb7 8. O-O
c6 9. b3 Nfd7 10. Nf3 Bf6 11. Bf4 Re8 12. Rc1 Na6 13. Re1 g6 14. Qd2 Bg7 15. e4
dxc4 16. bxc4 e5 17. dxe5 Nxe5 18. Qxd8 Nxf3+ 19. Bxf3 Raxd8 20. e5 Nc5 21. Bg5
Rb8 1/2-1/2

[Event "14eme open"]
[Site "Louviers"]
[Round "2"]
[Date "2011.06.11"]
[White "Voegele, Francois-Marie"]
[Black "Fischer, Jean-Claude"]
[Result "0-1"]
[WhiteElo "1110"]
[BlackElo "1909"]
[PlyCount "94"]

1. e4 c5 2. f4 Nc6 3. Nf3 d6 4. d3 g6 5. Be2 Bg7 6. Nc3 Nf6 7. Bd2 a6 8. O-O
O-O 9. Qe1 b5 10. e5 dxe5 11. fxe5 Nxe5 12. Nxe5 Qd4+ 13. Qf2 Qxe5 14. Qf4 Qxf4
15. Rxf4 Bb7 16. Rf2 b4 17. Na4 Nd7 18. c3 Bc6 19. Bf3 Bxa4 20. Bxa8 Rxa8 21.
Re2 bxc3 22. bxc3 e6 23. Rb1 Bc2 24. Rb7 Bxd3 25. Re3 Ne5 26. a4 c4 27. h3 Nc6
28. Rb6 Ne7 29. Rb7 Nd5 30. Rf3 f5 31. a5 Nxc3 32. Bxc3 Bxc3 33. Re3 Bd4 34.
Kf2 f4 35. Kf3 Bxe3 36. Rc7 e5 37. Rc6 Bd4 38. Rc7 c3 39. Rb7 c2 40. Rc7 Rd8
41. Rc6 Rd5 42. Rc8+ Kg7 43. h4 Rc5 44. Ra8 c1=Q 45. Ra7+ Rc7 46. Rxa6 Qe3+ 47.
Kg4 Qg3# 0-1

[Event "14eme open"]
[Site "Louviers"]
[Round "2"]
[Date "2011.06.11"]
[White "Baron, Romuald"]
[Black "Rousselin, Marc"]
[Result "1-0"]
[WhiteElo "1974"]
[BlackElo "1625"]
[PlyCount "61"]

1. e4 c5 2. Nf3 d6 3. d4 cxd4 4. Nxd4 Nf6 5. Nc3 a6 6. Bc4 e6 7. Bb3 Nbd7 8.
Bg5 Nc5 9. f4 Be7 10. Qf3 Qc7 11. O-O-O b5 12. e5 Nxb3+ 13. axb3 Bb7 14. Qg3
dxe5 15. fxe5 Nd5 16. Nxd5 Bxd5 17. Bxe7 Qxe7 18. Qxg7 O-O-O 19. Rhf1 Rdf8 20.
g3 h5 21. Nf5 exf5 22. Rxd5 Qe6 23. Rd6 Qe7 24. Rxa6 Qc5 25. Qf6 Kb7 26. Rd6
Rc8 27. Qxf7+ Rc7 28. Qd5+ Qxd5 29. Rxd5 Rhc8 30. c3 Kb6 31. Rxf5 1-0

[Event "14eme open"]
[Site "Louviers"]
[Round "2"]
[Date "2011.06.11"]
[White "Richet, Clement"]
[Black "Petitjeans, Simon"]
[Result "1/2"]
[WhiteElo "1907"]
[BlackElo "1680"]
[PlyCount "78"]

1. d4 d5 2. c4 e6 3. Nf3 Nf6 4. e3 Be7 5. Nbd2 O-O 6. Bd3 Nbd7 7. O-O b6 8. e4
dxe4 9. Nxe4 Bb7 10. Nxf6+ Nxf6 11. Be3 Rc8 12. Qe2 c5 13. Rfd1 Bxf3 14. Qxf3
cxd4 15. Bxd4 Qc7 16. Qe2 Rfd8 17. Bc3 Rd7 18. Rac1 Rcd8 19. a3 Bf8 20. b4 Qf4
21. Be5 Qg5 22. f4 Qg4 23. Qc2 Qh5 24. Be2 Rxd1+ 25. Rxd1 Rxd1+ 26. Qxd1 Qf5
27. Bd3 Qg4 28. Qxg4 Nxg4 29. Bd4 Bd6 30. h3 Nf6 31. g3 Nd7 32. Kf2 g6 33. Be4
Kf8 34. Bc6 Ke7 35. Bxd7 Kxd7 36. Kf3 Kc6 37. Be5 Be7 38. Ke3 Kb7 39. g4 f6
1/2-1/2

[Event "14eme open"]
[Site "Louviers"]
[Round "2"]
[Date "2011.06.11"]
[White "Broustet, Pierre"]
[Black "Boursier, Xavier"]
[Result "1/2"]
[WhiteElo "1790"]
[BlackElo "2004"]
[PlyCount "78"]

1. e4 e6 2. d4 d5 3. Nc3 Nf6 4. e5 Nfd7 5. f4 c5 6. Be3 Nc6 7. Nf3 cxd4 8. Nxd4
a6 9. a3 Qc7 10. g3 Bc5 11. Qd2 Bxd4 12. Bxd4 Nxd4 13. Qxd4 Qb6 14. Ne2 Qxd4
15. Nxd4 Ke7 16. O-O-O Nb6 17. b3 Bd7 18. Kb2 Rac8 19. Rd3 Bc6 20. Rg1 Nd7 21.
Rc3 Nb8 22. g4 Bd7 23. Rgg3 Rxc3 24. Rxc3 Rc8 25. Rxc8 Bxc8 26. c4 dxc4 27.
Bxc4 Nd7 28. Kc2 g5 29. Bd3 gxf4 30. Nf3 h6 31. h4 f6 32. exf6+ Kxf6 33. b4 Nf8
34. g5+ hxg5 35. hxg5+ Kg7 36. Ne5 Nd7 37. Nf3 Nf8 38. Ne5 Nd7 39. Nf3 Nf8
1/2-1/2

[Event "14eme open"]
[Site "Louviers"]
[Round "2"]
[Date "2011.06.11"]
[White "Klipper, Noemie"]
[Black "Josse, Sebastien"]
[Result "1/2"]
[WhiteElo "1916"]
[BlackElo "1815"]
[PlyCount "82"]

1. c4 c5 2. Nf3 Nc6 3. e3 d6 4. d4 Bg4 5. Be2 Nf6 6. O-O e6 7. Na3 Be7 8. Nc2
Qc7 9. Bd2 O-O 10. Rb1 Rad8 11. b4 b6 12. Bc3 d5 13. bxc5 bxc5 14. cxd5 Nxd5
15. Qe1 Bf5 16. Rb2 Rb8 17. Na1 Bf6 18. Rxb8 Rxb8 19. Nb3 cxd4 20. Bxd4 Nxd4
21. Nfxd4 Bg6 22. Qc1 Qxc1 23. Rxc1 Nb4 24. Rc7 e5 25. Nf3 h6 26. Rxa7 Nxa2 27.
Rxa2 Rxb3 28. g3 Bf5 29. Kg2 Be4 30. Ra7 Bb7 31. Ra5 Rb2 32. Bc4 g5 33. g4 h5
34. h3 hxg4 35. hxg4 Rb4 36. Rc5 Kf8 37. Kg3 Be7 38. Rb5 Rxb5 39. Bxb5 f6 40.
Ng1 Bb4 41. Ne2 Kg7 1/2-1/2

[Event "14eme open"]
[Site "Louviers"]
[Round "2"]
[Date "2011.06.11"]
[White "Houriez, Philippe"]
[Black "Andrieu, Philippe"]
[Result "1/2"]
[WhiteElo "1660"]
[BlackElo "1922"]
[PlyCount "124"]

1. e4 Nc6 2. Nc3 d6 3. b3 e5 4. Bb2 Nf6 5. h3 Be7 6. Nf3 O-O 7. Be2 Nd4 8. O-O
Nxe2+ 9. Qxe2 c6 10. d4 exd4 11. Nxd4 g6 12. g4 h5 13. g5 Nh7 14. h4 Bxg5 15.
f4 Bg4 16. Qg2 Bxh4 17. Nf3 Bf6 18. Rad1 Qc8 19. Rf2 Bh3 20. Qg3 Qg4 21. Qxg4
hxg4 22. Kh2 Rad8 23. e5 dxe5 24. Rxd8 Rxd8 25. fxe5 Be7 26. Ne4 g3+ 27. Kxg3
Bf5 28. Kf4 Be6 29. c4 b5 30. c5 Bd5 31. Nd6 Nf8 32. Rh2 Ne6+ 33. Ke3 Bxf3 34.
Kxf3 Nxc5 35. Ba3 Ne6 36. Ke4 f5+ 37. Ke3 c5 38. Rg2 Bg5+ 39. Kf2 b4 40. Bb2
Bh4+ 41. Kf3 g5 42. Nxf5 Nf4 43. Rc2 Nd3 44. Ke4 Nxb2 45. Rxb2 Be1 46. Rg2 Bd2
47. Nd6 Bf4 48. Kd5 Kf8 49. Ke6 {(=)} a5 50. Kf6 Rd7 51. Ne4 Rf7+ 52. Kg6 Bxe5
53. Rxg5 Rg7+ 54. Kf5 Rxg5+ 55. Nxg5 Bd6 56. Ke6 Be7 57. Ne4 Ke8 58. Kd5 Kd7
59. Nxc5+ Kc7 60. Kc4 Kc6 61. Ne4 Bf8 62. Nf6 Bg7 1/2-1/2

[Event "14eme open"]
[Site "Louviers"]
[Round "2"]
[Date "2011.06.11"]
[White "Hatton, Christian"]
[Black "Debray, Christopher"]
[Result "0-1"]
[WhiteElo "1875"]
[BlackElo "2376"]
[PlyCount "56"]

1. d4 Nf6 2. c4 e6 3. Nc3 Bb4 4. a3 Bxc3+ 5. bxc3 b6 6. Nf3 Ba6 7. Qa4 O-O 8.
Bb2 d6 9. Rd1 Qe8 10. Qb3 Nc6 11. e3 Na5 12. Qa2 Qa4 13. Nd2 Rac8 14. Ba1 c5
15. Rc1 cxd4 16. cxd4 d5 17. c5 Bxf1 18. Nxf1 Nb3 19. Rc3 Nxa1 20. Qxa1 Ne4 21.
Rd3 Qc2 22. Rd2 Nxd2 23. Nxd2 bxc5 24. Nf3 cxd4 25. Nxd4 Qc1+ 26. Ke2 Qc4+ 27.
Kf3 e5 28. Nf5 Qe4+ 0-1

[Event "14eme open"]
[Site "Louviers"]
[Round "2"]
[Date "2011.06.11"]
[White "Grenet, Dominique"]
[Black "Simonin, Joseph"]
[Result "1-0"]
[WhiteElo "1540"]
[BlackElo "1590"]
[PlyCount "89"]

1. e4 c5 2. c3 d6 3. Nf3 Nc6 4. d4 cxd4 5. cxd4 d5 6. e5 Bg4 7. Be2 e6 8. O-O
Bb4 9. a3 Ba5 10. Be3 Nge7 11. h3 Bxf3 12. Bxf3 O-O 13. Nd2 Nf5 14. Nb3 Bb6 15.
Nc5 Bxc5 16. dxc5 Nxe5 17. Bf4 Nxf3+ 18. Qxf3 Nd4 19. Qd3 Nc6 20. b4 Rc8 21.
Rfe1 a5 22. b5 Ne7 23. Rac1 Ng6 24. Bg3 Qf6 25. Qd2 a4 26. Qb4 Ra8 27. b6 Ne7
28. Bh4 g5 29. Bg3 Nc6 30. Qg4 d4 31. h4 h6 32. hxg5 Qxg5 33. Qe4 Qg6 34. Qxg6+
fxg6 35. Rxe6 Kh7 36. Rd1 Rf5 37. Bd6 Rd5 38. Rd3 Ra5 39. Rf3 Kg7 40. Bf8+ Kg8
41. Rxg6+ Kh7 42. Rxh6+ Kg8 43. Rg6+ Kh7 44. Rg7+ Kh6 45. Rd7+ 1-0